000 00575nam a2200181 a 4500
001 000040107
005 20201002033924.0
008 130807s1983 sp 000 0 spa d
020 _a8432204862
040 _aDO-SdBNP
_bspa
_cBNPHU
100 1 _aPaz, Octavio
_d1914-1998
_98703
245 1 0 _aSombras de obras :
_barte y literatura /
_cOctavio Paz.
260 _aBarcelona :
_bSeix Barral,
_c1983.
300 _a324 p. ;
_c21 cm.
490 1 _aBiblioteca breve
500 _aIncluye datos biográficos del autor en la solapa de la cubierta
830 0 _aBiblioteca breve
_913442
999 _c39597
_d39597